FC Barcelona Squad 2008-2009 - Statistics

General Stats
  • This quiz has been taken 428 times
    208 since last reset
  • The average score is 17 of 24
Answer Stats
# Position Nation Player % Correct
10 FW Argentina Lionel Messi
99%
8 MF Spain Andrés Iniesta
97%
9 FW Cameroon Samuel Eto'o
96%
6 MF Spain Xavi
96%
1 GK Spain Víctor Valdés
95%
3 DF Spain Gerard Piqué
91%
5 DF Spain Carles Puyol
90%
14 FW France Thierry Henry
87%
- Coach Spain Pep Guardiola
86%
24 MF Ivory Coast Yaya Touré
85%
20 DF Brazil Dani Alves
81%
28 MF Spain Sergio Busquets
78%
22 DF France Éric Abidal
76%
4 DF Mexico Rafa Márquez
76%
27 FW Spain Pedro
74%
15 MF Mali Seydou Keita
67%
13 GK Spain José Manuel Pinto
66%
11 FW Spain Bojan Krkić
52%
7 FW Iceland Eiður Guðjohnsen
51%
21 MF Belarus Aleksandr Hleb
47%
18 DF Argentina Gabi Milito
47%
16 DF Brazil Sylvinho
46%
2 DF Uruguay Martín Cáceres
40%
25 GK Spain Albert Jorquera
22%
No matching quizzes found
Score Distribution
Percent of People with Each Score
Percentile by Number Answered
Your Score History
You have not taken this quiz since the last reset